000 00510nam a22001577a 4500
003 OSt
005 20260203120652.0
008 260203b |||||||| |||| 00| 0 eng d
040 _cMRSPTU
041 _aENG
100 _aVarun Kumar Sharma, Supervisor: Dr. Rakesh Kumar Singla
245 _aDrainage Issues of Bathinda, Mall Road Area : A Case Study
260 _b Department of Civil Engg. MRSPTU, Bathinda
_c2014
856 _uhttp://163.47.215.52:8080/jspui/handle/123456789/1032
942 _2ddc
_cTH
_n0
999 _c10839
_d10839